[Event "SVK-chT2A 1718"]
[Site "Slovakia"]
[Date "2017.10.28"]
[Round "1.4"]
[White "Puchart, Vladimir"]
[Black "Prikler, Bruno"]
[Result "1/2-1/2"]
[WhiteElo "2076"]
[BlackElo "2089"]
[PlyCount "55"]
[EventDate "2017.10.28"]
[EventType "team-tourn"]
[EventRounds "11"]
[EventCountry "SVK"]
[SourceTitle "EXT 2019"]
[Source "ChessBase"]
[SourceDate "2018.10.10"]
[SourceVersion "1"]
[SourceVersionDate "2018.10.10"]
[SourceQuality "1"]
[WhiteTeam "Trnava Lokomotiva II"]
[BlackTeam "Bratislava Doprastav II"]
[WhiteTeamCountry "SVK"]
[BlackTeamCountry "SVK"]

1. d4 d6 2. c4 e5 3. dxe5 dxe5 4. Qxd8+ Kxd8 5. Nc3 c6 6. f4 f6 7. Nf3 Nd7 8. fxe5 fxe5 9. Ng5 Ke7 10. b3 Nc5 11. g3 Nf6 12. Bg2 Ne6 13. 0-0 Nxg5 14. Bxg5 h6 15. Be3 Kd8 16. Ne4 Be7 17. Rad1+ Kc7 18. Bc5 Bxc5+ 19. Nxc5 Bg4 20. Rd2 Rad8 21. Rfd1 Rxd2 22. Rxd2 Re8 23. Ne4 Rd8 24. Rxd8 Kxd8 25. Kf2 Nxe4+ 26. Bxe4 Ke7 27. a3 Kd6 28. Ke3 1/2-1/2

[Event "SVK-chT1W 1314"]
[Site "Slovakia"]
[Date "2014.03.02"]
[Round "9.8"]
[White "Hecko, Dusan"]
[Black "Prikler, Bruno"]
[Result "1-0"]
[WhiteElo "2107"]
[BlackElo "2090"]
[PlyCount "81"]
[EventDate "2013.10.12"]
[EventType "team-tourn"]
[EventRounds "11"]
[EventCountry "SVK"]
[SourceTitle "EXT 2015"]
[Source "ChessBase"]
[SourceDate "2014.11.20"]
[SourceVersion "1"]
[SourceVersionDate "2014.11.20"]
[SourceQuality "1"]
[WhiteTeam "Osuske"]
[BlackTeam "Devinska Nova Ves"]
[WhiteTeamCountry "SVK"]
[BlackTeamCountry "SVK"]

1. c4 d6 2. Nc3 Nf6 3. Nf3 g6 4. g3 Bg7 5. Bg2 0-0 6. 0-0 e5 7. d3 Nbd7 8. Bd2 h6 9. b4 c6 10. Rb1 Kh7 11. Qc2 d5 12. cxd5 cxd5 13. a4 Qe7 14. Rfc1 a6 15. a5 Re8 16. b5 e4 17. Ne1 exd3 18. Nxd3 d4 19. Nd5 Nxd5 20. Bxd5 Nf6 21. Bf3 Ne4 22. Bb4 Qg5 23. bxa6 Rxa6 24. Bxe4 Rxe4 25. Qxc8 Rxe2 26. Re1 Rxe1+ 27. Rxe1 Qb5 28. Qc2 Rc6 29. Qd2 h5 30. f4 h4 31. Ne5 Rc7 32. Bd6 Rc3 33. Nxf7 hxg3 34. Ng5+ Kh6 35. Qg2 Qf5 36. hxg3 Qg4 37. Qh2+ Qh5 38. g4 Qxh2+ 39. Kxh2 d3 40. Rh1 Bf6 41. Bf8+ 1-0

[Event "SVK-chT1W 1314"]
[Site "Slovakia"]
[Date "2013.11.16"]
[Round "3.7"]
[White "Prikler, Bruno"]
[Black "Pereszlenyi, Gejza"]
[Result "1/2-1/2"]
[WhiteElo "2090"]
[BlackElo "2000"]
[PlyCount "82"]
[EventDate "2013.10.12"]
[EventType "team-tourn"]
[EventRounds "11"]
[EventCountry "SVK"]
[SourceTitle "EXT 2015"]
[Source "ChessBase"]
[SourceDate "2014.11.20"]
[SourceVersion "1"]
[SourceVersionDate "2014.11.20"]
[SourceQuality "1"]
[WhiteTeam "Devinska Nova Ves"]
[BlackTeam "Nitra"]
[WhiteTeamCountry "SVK"]
[BlackTeamCountry "SVK"]

1. c4 e5 2. Nc3 Nc6 3. g3 g6 4. Bg2 Bg7 5. e3 Nge7 6. Nge2 Nf5 7. 0-0 0-0 8. a3 a5 9. Rb1 d6 10. d3 Be6 11. Nd5 Qd7 12. Nec3 h5 13. b4 axb4 14. axb4 b6 15. b5 Na5 16. Nb4 Rac8 17. Bd2 Ne7 18. Ncd5 Nf5 19. Qa4 Ra8 20. Qc2 Nb7 21. Nf6+ Bxf6 22. Bxb7 Rab8 23. Bc6 Qe7 24. Nd5 Bxd5 25. Bxd5 Kg7 26. Ra1 h4 27. g4 Nh6 28. f3 e4 29. dxe4 Bxa1 30. Rxa1 f6 31. Bc3 g5 32. h3 Nf7 33. f4 Kh6 34. Rf1 Nh8 35. Qd3 Ng6 36. Qd4 Rbe8 37. Bc6 Rd8 38. Qd5 Rde8 39. Bxe8 Rxe8 40. Bxf6 Qxf6 41. Qc6 Rf8 1/2-1/2

[Event "SVK-chT1W 1314"]
[Site "Slovakia"]
[Date "2013.10.12"]
[Round "1.8"]
[White "Prikler, Bruno"]
[Black "Nikel, Rastislav"]
[Result "0-1"]
[WhiteElo "2090"]
[BlackElo "2018"]
[PlyCount "80"]
[EventDate "2013.10.12"]
[EventType "team-tourn"]
[EventRounds "11"]
[EventCountry "SVK"]
[SourceTitle "EXT 2015"]
[Source "ChessBase"]
[SourceDate "2014.11.20"]
[SourceVersion "1"]
[SourceVersionDate "2014.11.20"]
[SourceQuality "1"]
[WhiteTeam "Devinska Nova Ves"]
[BlackTeam "Levice"]
[WhiteTeamCountry "SVK"]
[BlackTeamCountry "SVK"]

1. c4 e5 2. Nc3 f5 3. g3 Nf6 4. Bg2 g6 5. e3 Nc6 6. Nge2 Bg7 7. 0-0 0-0 8. d4 e4 9. a3 d5 10. cxd5 Nxd5 11. Qb3 Nce7 12. f3 Be6 13. Qxb7 Nb6 14. Qa6 Bc4 15. Qa5 Nc6 16. Qc5 Rf6 17. d5 Bf8 18. Qxc6 Rxc6 19. dxc6 Bxe2 20. Nxe2 Qd3 21. Nc3 Bc5 22. Rd1 Qc2 23. Bd2 Qxb2 24. Ra2 Qb3 25. Rb1 Bxe3+ 26. Bxe3 Qxc3 27. Kf2 Nc4 28. Re1 Ne5 29. Rd1 exf3 30. Bxf3 Nxf3 31. Kxf3 Re8 32. Re2 Qxa3 33. Kf2 Qa4 34. Rd7 Qxc6 35. Red2 Qe4 36. Bh6 Qe1+ 37. Kf3 Qf1+ 38. Rf2 Qh3 39. Bf4 g5 40. Bxc7 g4+ 0-1

[Event "Oravska Priehrada op"]
[Site "Oravska Priehrada"]
[Date "2013.08.11"]
[Round "6"]
[White "Prikler, Bruno"]
[Black "Veselsky, Jozef"]
[Result "1/2-1/2"]
[WhiteElo "2099"]
[BlackElo "2149"]
[PlyCount "152"]
[EventDate "2013.08.09"]
[EventType "swiss"]
[EventRounds "7"]
[EventCountry "SVK"]
[SourceTitle "CBM 155 Extra"]
[Source "ChessBase"]
[SourceDate "2013.08.26"]
[SourceVersion "1"]
[SourceVersionDate "2013.08.26"]
[SourceQuality "1"]

1. a3 d5 2. d3 Nf6 3. Nd2 g6 4. b4 Bg7 5. Bb2 0-0 6. Ngf3 Nbd7 7. g3 Re8 8. c4 c6 9. Bg2 e5 10. cxd5 cxd5 11. e4 dxe4 12. dxe4 b6 13. 0-0 Nh5 14. Re1 Nf8 15. Nc4 Bg4 16. Qxd8 Raxd8 17. Nfxe5 Be6 18. Ne3 b5 19. Nd5 Nd7 20. Nd3 Nb6 21. Bxg7 Kxg7 22. Nc7 Re7 23. Nxe6+ Rxe6 24. Nc5 Re7 25. e5 Nc4 26. f4 g5 27. Bf3 Kh6 28. fxg5+ Kxg5 29. e6 Ng7 30. exf7 Rxf7 31. h4+ Kh6 32. Bc6 Nd2 33. Ne6 Rd6 34. Ng5 Rf5 35. Bxb5 Nf3+ 36. Nxf3 Rxf3 37. Kg2 Rc3 38. Rec1 Re3 39. Rc6 Rxc6 40. Bxc6 Nf5 41. Bf3 Nd4 42. Bg4 Re4 43. Kh3 Kg6 44. Rc1 h5 45. Bd1 Re3 46. Rc5 Rxa3 47. Bxh5+ Kf6 48. Ra5 Rb3 49. Rxa7 Nf5 50. Ra6+ Ke5 51. Ra5+ Kf6 52. Bd1 Rxg3+ 53. Kh2 Re3 54. h5 Re1 55. Bf3 Re3 56. Bg4 Nh6 57. Ra6+ Kg7 58. Rg6+ Kh7 59. Bd1 Nf7 60. Ra6 Kg7 61. b5 Rd3 62. Bg4 Ne5 63. Bf5 Nf3+ 64. Kg3 Rb3 65. b6 Nd4+ 66. Kg4 Rb4 67. Bg6 Ne6+ 68. Kf5 Nd4+ 69. Ke5 Kh6 70. Kd6 Rb2 71. Kc7 Ne6+ 72. Kb8 Nc5 73. Ra5 Nd7+ 74. Ka7 Nxb6 75. Ra6 Nc8+ 76. Ka8 Rb6 1/2-1/2

[Event "SVK-chT2A 1213"]
[Site "Slovakia"]
[Date "2013.03.16"]
[Round "10.7"]
[White "Prikler, Bruno"]
[Black "Curidlo, Jan"]
[Result "1-0"]
[WhiteElo "2092"]
[BlackElo "1880"]
[PlyCount "183"]
[EventDate "2012.10.13"]
[EventType "team-tourn"]
[EventRounds "11"]
[EventCountry "SVK"]
[SourceTitle "EXT 2015"]
[Source "ChessBase"]
[SourceDate "2014.11.20"]
[SourceVersion "1"]
[SourceVersionDate "2014.11.20"]
[SourceQuality "1"]
[WhiteTeam "Devinska Nova Ves"]
[BlackTeam "Piestany Kupele"]
[WhiteTeamCountry "SVK"]
[BlackTeamCountry "SVK"]

1. c4 Nf6 2. Nc3 c5 3. g3 e6 4. Bg2 Nc6 5. e3 Be7 6. Nge2 0-0 7. 0-0 d5 8. d3 a6 9. a3 Re8 10. b3 Rb8 11. Qc2 d4 12. Na4 e5 13. e4 Bg4 14. h3 Bd7 15. f4 Bd6 16. f5 h6 17. g4 Nh7 18. Bd2 Be7 19. Rab1 b6 20. Ng3 Bg5 21. Nh5 f6 22. Be1 Be3+ 23. Kh1 Re7 24. h4 Be8 25. Ng3 Rc7 26. Rf3 Qe7 27. Ne2 Na7 28. Nb2 b5 29. Nd1 bxc4 30. dxc4 Nc6 31. Nxe3 dxe3 32. Rxe3 Rd7 33. Nc3 Nd4 34. Qa2 h5 35. Nd5 Qf7 36. Bh3 Rdb7 37. b4 Bc6 38. Rc1 hxg4 39. Bxg4 Qf8 40. Bc3 Kh8 41. Rg1 Qd6 42. Rh3 Ba4 43. bxc5 Qxc5 44. Bb4 Qa7 45. Bd6 Rc8 46. c5 Bb3 47. Qd2 Rxc5 48. Bxc5 Qxc5 49. Rc3 Qf8 50. Rgc1 Rb8 51. Rc7 Bxd5 52. exd5 Qd6 53. Rc8+ Nf8 54. Rxb8 Qxb8 55. Qc3 Qd8 56. Qc4 Kh7 57. Bh5 Nxf5 58. Bf3 Nd4 59. Qc8 Qe7 60. Be4+ f5 61. Bxf5+ Nxf5 62. Qxf5+ g6 63. Qg5 Qxa3 64. Rc7+ Kg8 65. Qxe5 Qf3+ 66. Kg1 Qd1+ 67. Kf2 Qd2+ 68. Kf3 Qd1+ 69. Ke4 Qe2+ 70. Kd4 Qb2+ 71. Rc3 Qd2+ 72. Kc4 Qa2+ 73. Kb4 Qb2+ 74. Ka4 Qa1+ 75. Kb3 Qb1+ 76. Kc4 Qb5+ 77. Kd4 Qb4+ 78. Ke3 Qxh4 79. d6 Qe1+ 80. Kd4 Qd2+ 81. Kc4 Qa2+ 82. Kd3 Qb1+ 83. Rc2 Qd1+ 84. Rd2 Qf1+ 85. Kc2 Qc4+ 86. Qc3 Qxc3+ 87. Kxc3 Nd7 88. Kd4 Kf7 89. Re2 Nf6 90. Kc5 g5 91. Rf2 Ke6 92. Rxf6+ 1-0

[Event "SVK-chT2A 1213"]
[Site "Slovakia"]
[Date "2013.02.16"]
[Round "8.5"]
[White "Prikler, Bruno"]
[Black "Antala, Jan"]
[Result "1-0"]
[WhiteElo "2092"]
[BlackElo "1945"]
[PlyCount "37"]
[EventDate "2012.10.13"]
[EventType "team-tourn"]
[EventRounds "11"]
[EventCountry "SVK"]
[SourceTitle "EXT 2015"]
[Source "ChessBase"]
[SourceDate "2014.11.20"]
[SourceVersion "1"]
[SourceVersionDate "2014.11.20"]
[SourceQuality "1"]
[WhiteTeam "Devinska Nova Ves"]
[BlackTeam "Devinska Nova Ves II"]
[WhiteTeamCountry "SVK"]
[BlackTeamCountry "SVK"]

1. c4 e6 2. Nc3 f5 3. g3 Nf6 4. Bg2 c5 5. e3 Nc6 6. Nge2 g6 7. 0-0 a6 8. d4 cxd4 9. exd4 Bg7 10. d5 Ne5 11. dxe6 Nxc4 12. exd7+ Qxd7 13. Qb3 Qf7 14. Nf4 0-0 15. Ncd5 Na5 16. Nxf6+ Bxf6 17. Qa4 Qc7 18. Nd5 Qd8 19. Nxf6+ 1-0

[Event "SVK-chT2A 1213"]
[Site "Slovakia"]
[Date "2013.02.02"]
[Round "7.6"]
[White "Prikler, Bruno"]
[Black "Ujhelyi, Matus"]
[Result "1-0"]
[WhiteElo "2092"]
[BlackElo "1977"]
[PlyCount "83"]
[EventDate "2012.10.13"]
[EventType "team-tourn"]
[EventRounds "11"]
[EventCountry "SVK"]
[SourceTitle "EXT 2015"]
[Source "ChessBase"]
[SourceDate "2014.11.20"]
[SourceVersion "1"]
[SourceVersionDate "2014.11.20"]
[SourceQuality "1"]
[WhiteTeam "Devinska Nova Ves"]
[BlackTeam "Dunajska Streda II"]
[WhiteTeamCountry "SVK"]
[BlackTeamCountry "SVK"]

1. c4 Nf6 2. Nc3 g6 3. g3 Bg7 4. Bg2 0-0 5. Nf3 d6 6. 0-0 Nbd7 7. d4 e5 8. e3 Re8 9. b3 c6 10. dxe5 dxe5 11. Qc2 Qc7 12. Ba3 Bf8 13. Bxf8 Kxf8 14. Ne4 Kg7 15. Nfd2 Nxe4 16. Nxe4 Nf6 17. Nxf6 Kxf6 18. f4 exf4 19. Rxf4+ Kg7 20. Raf1 Be6 21. e4 Qe5 22. Qc1 Rad8 23. Rh4 Qd4+ 24. Kh1 Qd2 25. Qa3 a6 26. Qc5 Rd7 27. Qe5+ Kg8 28. Rff4 Qc1+ 29. Bf1 Rd2 30. Rxh7 Qxf1+ 31. Rxf1 Kxh7 32. Qf6 Red8 33. g4 R8d7 34. h3 Rxa2 35. Rf2 Rxf2 36. Qxf2 Rd3 37. Qb6 Rxh3+ 38. Kg2 Rc3 39. Qxb7 Bxg4 40. Qxf7+ Kh6 41. Qf4+ Kh5 42. Qe5+ 1-0

[Event "SVK-chT2A 1213"]
[Site "Slovakia"]
[Date "2012.12.02"]
[Round "4.6"]
[White "Sustak, Roman"]
[Black "Prikler, Bruno"]
[Result "0-1"]
[WhiteElo "1917"]
[BlackElo "2092"]
[PlyCount "78"]
[EventDate "2012.10.13"]
[EventType "team-tourn"]
[EventRounds "11"]
[EventCountry "SVK"]
[SourceTitle "EXT 2015"]
[Source "ChessBase"]
[SourceDate "2014.11.20"]
[SourceVersion "1"]
[SourceVersionDate "2014.11.20"]
[SourceQuality "1"]
[WhiteTeam "Modra II"]
[BlackTeam "Devinska Nova Ves"]
[WhiteTeamCountry "SVK"]
[BlackTeamCountry "SVK"]

1. d4 d6 2. c4 e5 3. Nf3 Nd7 4. e3 Ngf6 5. Nc3 Be7 6. Bd3 0-0 7. 0-0 c6 8. a3 a5 9. Rb1 Re8 10. b4 Bf8 11. Qc2 Qe7 12. Re1 e4 13. Nxe4 Nxe4 14. Nd2 Ndf6 15. Nxe4 Nxe4 16. f3 Nf6 17. e4 axb4 18. axb4 h6 19. c5 dxc5 20. bxc5 Be6 21. Rb6 Ra7 22. Qb1 Qd8 23. Be3 Nd7 24. Rxb7 Rxb7 25. Qxb7 Nxc5 26. dxc5 Qxd3 27. Qxc6 Qc3 28. Kf2 Rc8 29. Qb6 Bxc5 30. Bxc5 Rxc5 31. Qd8+ Kh7 32. Rd1 Qe5 33. g3 Rc2+ 34. Rd2 Qc5+ 35. Ke2 Bc4+ 36. Kd1 Rc3 37. Qd4 Qa3 38. Ke1 Qc1+ 39. Rd1 Re3+ 0-1

[Event "SVK-chT2A 1213"]
[Site "Slovakia"]
[Date "2012.10.13"]
[Round "1.7"]
[White "Mikulas, Dusan"]
[Black "Prikler, Bruno"]
[Result "1-0"]
[WhiteElo "2102"]
[BlackElo "2092"]
[PlyCount "103"]
[EventDate "2012.10.13"]
[EventType "team-tourn"]
[EventRounds "11"]
[EventCountry "SVK"]
[SourceTitle "EXT 2015"]
[Source "ChessBase"]
[SourceDate "2014.11.20"]
[SourceVersion "1"]
[SourceVersionDate "2014.11.20"]
[SourceQuality "1"]
[WhiteTeam "Bratislava DP"]
[BlackTeam "Devinska Nova Ves"]
[WhiteTeamCountry "SVK"]
[BlackTeamCountry "SVK"]

1. e4 d6 2. d4 e5 3. Nf3 Nd7 4. Bc4 exd4 5. Nxd4 Ne5 6. Be2 Nf6 7. Nc3 Be7 8. f4 Nc6 9. Be3 a6 10. Bf3 Nxd4 11. Bxd4 c5 12. Be3 Qc7 13. Qe2 Rb8 14. 0-0 0-0 15. g4 h6 16. h4 Qd7 17. f5 Nh7 18. Rad1 b6 19. Qh2 Bb7 20. Bf4 Rbd8 21. Nd5 Bxd5 22. Rxd5 Qa4 23. a3 Nf6 24. Rdd1 Rfe8 25. g5 Nxe4 26. b3 Qc6 27. c4 Bf8 28. gxh6 Qc8 29. hxg7 Bxg7 30. Bg4 Nf6 31. Bh3 Qb7 32. Bg2 Qe7 33. Kh1 Qe2 34. Bf3 Qxh2+ 35. Kxh2 Kh7 36. Rd3 Nd7 37. Bh5 Ne5 38. Rd5 b5 39. Kh3 bxc4 40. bxc4 Rd7 41. Rfd1 Nxc4 42. Rxc5 Re4 43. Bg3 Rb7 44. Bf3 dxc5 45. Bxe4 Re7 46. Bd3 Rd7 47. f6+ Rxd3 48. Rxd3 Bxf6 49. Bf2 Ne5 50. Rd6 Kg7 51. Bxc5 Nf3 52. Rxa6 1-0

[Event "SVK-chT2A 1112"]
[Site "Slovakia"]
[Date "2012.01.28"]
[Round "8.7"]
[White "Sturdik, Igor"]
[Black "Prikler, Bruno"]
[Result "0-1"]
[WhiteElo "2067"]
[BlackElo "2037"]
[PlyCount "76"]
[EventDate "2011.10.08"]
[EventType "team-tourn"]
[EventRounds "11"]
[EventCountry "SVK"]
[SourceTitle "EXT 2013"]
[Source "ChessBase"]
[SourceDate "2012.11.22"]
[SourceVersion "1"]
[SourceVersionDate "2012.11.22"]
[SourceQuality "1"]
[WhiteTeam "Trnava Lokomotiva II"]
[BlackTeam "Devinska Nova Ves"]
[WhiteTeamCountry "SVK"]
[BlackTeamCountry "SVK"]

1. e4 g6 2. d4 Bg7 3. Nc3 d6 4. Be3 c6 5. Qd2 b5 6. f3 Nd7 7. Nge2 Nb6 8. Ng3 Qc7 9. a3 a6 10. Be2 h5 11. 0-0-0 Rb8 12. b3 a5 13. f4 h4 14. Nf1 Nh6 15. h3 Qb7 16. Qe1 Bd7 17. Bf2 Rc8 18. e5 dxe5 19. dxe5 Nd5 20. Ne4 Bf5 21. Nc5 Qc7 22. g3 hxg3 23. Bxg3 b4 24. Ba6 Ra8 25. Ne3 0-0 26. Bd3 Bxd3 27. Rxd3 bxa3 28. f5 a2 29. Kb2 Bxe5+ 30. Bxe5 Qxe5+ 31. Kxa2 Nb4+ 32. Kb1 Qxc5 33. Rc3 Qe5 34. Rc4 Nd5 35. fxg6 Qxe3 36. Qh4 fxg6 37. Rxc6 Rf6 38. Re1 Nf5 0-1

[Event "Bratislava Slovan op"]
[Site "Bratislava"]
[Date "2011.06.14"]
[Round "9"]
[White "Prikler, Bruno"]
[Black "Brustkern, Juergen"]
[Result "1/2-1/2"]
[WhiteElo "2000"]
[BlackElo "2241"]
[PlyCount "132"]
[EventDate "2011.06.07"]
[EventType "swiss"]
[EventRounds "9"]
[EventCountry "SVK"]
[SourceTitle "EXT 2023"]
[Source "ChessBase"]
[SourceDate "2022.10.05"]
[SourceVersion "1"]
[SourceVersionDate "2022.10.05"]
[SourceQuality "1"]

1. c4 e5 2. g3 c6 3. d4 exd4 4. Qxd4 d5 5. cxd5 cxd5 6. Bg2 Nf6 7. Nf3 Be7 8. 0-0 0-0 9. e3 Nc6 10. Qa4 Bg4 11. Nbd2 Qd7 12. Rd1 a6 13. a3 Rfd8 14. b4 Qf5 15. Bb2 Qh5 16. Re1 Nd7 17. Qb3 Bf8 18. Rac1 Nb6 19. Ba1 Nc4 20. Qa2 b5 21. Nxc4 dxc4 22. Nd4 Ne5 23. Rf1 Rxd4 24. f4 Nd3 25. Bxd4 Nxc1 26. Rxc1 Bf3 27. Bxf3 Qxf3 28. Qg2 Qxg2+ 29. Kxg2 a5 30. Bc3 axb4 31. axb4 Ra3 32. Kf3 Rb3 33. Ke4 Bxb4 34. Bxb4 Rxb4 35. Kd4 h5 36. Ra1 Rb2 37. Ra5 Rb3 38. Ra8+ Kh7 39. Rc8 g6 40. e4 Rd3+ 41. Kc5 Rb3 42. Kd4 Kg7 43. e5 Rb2 44. Rb8 Rd2+ 45. Ke4 c3 46. Rxb5 c2 47. Rc5 Rxh2 48. Rc8 Rh3 49. Kf3 h4 50. Kg4 Rxg3+ 51. Kxh4 Rg2 52. Kh3 Re2 53. Kg4 Rd2 54. Kf3 Kh7 55. Kg4 Kh6 56. Rh8+ Kg7 57. Rc8 Kh7 58. Kf3 Rd3+ 59. Kg4 Rd2 60. Kf3 Kg7 61. Kg4 f5+ 62. exf6+ Kxf6 63. Rc6+ Kf7 64. f5 gxf5+ 65. Kxf5 Ke7 66. Ke4 Kd7 1/2-1/2

[Event "Bratislava Slovan op"]
[Site "Bratislava"]
[Date "2011.06.11"]
[Round "6"]
[White "Janos, Martin"]
[Black "Prikler, Bruno"]
[Result "1/2-1/2"]
[WhiteElo "2259"]
[BlackElo "2000"]
[PlyCount "84"]
[EventDate "2011.06.07"]
[EventType "swiss"]
[EventRounds "9"]
[EventCountry "SVK"]
[SourceTitle "EXT 2023"]
[Source "ChessBase"]
[SourceDate "2022.10.05"]
[SourceVersion "1"]
[SourceVersionDate "2022.10.05"]
[SourceQuality "1"]

1. e4 d5 2. Nc3 d4 3. Nce2 e5 4. Ng3 Nf6 5. Bc4 c5 6. Nf3 Bd6 7. 0-0 0-0 8. Re1 Nc6 9. Bf1 a6 10. c4 Rb8 11. d3 Re8 12. Nh4 b5 13. b3 bxc4 14. dxc4 Bc7 15. Nhf5 Ne7 16. Bg5 Nxf5 17. exf5 Qd6 18. Bd3 Bb7 19. f3 Bd8 20. Qc2 Nd7 21. Bd2 Nf6 22. Rad1 a5 23. Be4 Bxe4 24. Nxe4 Nxe4 25. Qxe4 Bc7 26. g3 a4 27. Rb1 axb3 28. axb3 Ra8 29. Ra1 Rab8 30. Ra3 Qb6 31. Rea1 Qb7 32. Qxb7 Rxb7 33. Ra7 Reb8 34. Rxb7 Rxb7 35. Ra8+ Bb8 36. Ba5 Kf8 37. Bc7 Rxc7 38. Rxb8+ Ke7 39. Kf2 g6 40. fxg6 hxg6 41. Ke2 f5 42. h4 e4 1/2-1/2

[Event "Bratislava Doprastav op"]
[Site "Bratislava"]
[Date "2010.07.05"]
[Round "6"]
[White "Janos, Jozef"]
[Black "Prikler, Bruno"]
[Result "0-1"]
[WhiteElo "2215"]
[BlackElo "1883"]
[PlyCount "116"]
[EventDate "2010.07.02"]
[EventType "swiss"]
[EventRounds "9"]
[EventCountry "SVK"]
[SourceTitle "EXT 2012"]
[Source "ChessBase"]
[SourceDate "2011.11.24"]
[SourceVersion "1"]
[SourceVersionDate "2011.11.24"]
[SourceQuality "1"]

1. e4 d5 2. Nc3 d4 3. Nce2 c5 4. d3 Nc6 5. g3 e5 6. Bg2 g6 7. h4 h5 8. Nh3 Bh6 9. 0-0 Bd7 10. Kh2 Qe7 11. c3 0-0-0 12. cxd4 cxd4 13. a3 Rf8 14. b4 f6 15. f4 Nd8 16. f5 gxf5 17. exf5 Nf7 18. Bd5 Kb8 19. Bd2 Bxd2 20. Qxd2 Ngh6 21. Nf2 Nxf5 22. Rg1 Ne3 23. Bf3 Nd6 24. Rae1 Rfg8 25. Nc3 Qe6 26. Rxe3 dxe3 27. Qxe3 Nf5 28. Qe1 Bc6 29. Nce4 Nd4 30. Bg2 Qf5 31. Qe3 Qg6 32. a4 Nf5 33. Qf3 Nxh4 34. gxh4 f5 35. b5 fxe4 36. dxe4 Bd7 37. Qc3 Qf6 38. Qf3 Qxh4+ 39. Nh3 Bxh3 40. Qxh3 Qf4+ 41. Kh1 Rg4 42. Rf1 Rh4 43. Rxf4 Rxh3+ 44. Bxh3 exf4 45. Kg2 Kc7 46. Kf3 Rf8 47. Bf5 Kd6 48. Kxf4 h4 49. Kg4 Ke5 50. Kxh4 Rxf5 51. exf5 Kxf5 52. Kg3 Ke4 53. Kf2 Kd4 54. Ke2 Kc4 55. Kd2 Kb4 56. Kd3 Kxa4 57. b6 axb6 58. Kc3 b5 0-1

[Event "Bratislava Doprastav op"]
[Site "Bratislava"]
[Date "2010.07.05"]
[Round "5"]
[White "Sucikova, Svetlana"]
[Black "Prikler, Bruno"]
[Result "0-1"]
[WhiteElo "1669"]
[BlackElo "1883"]
[PlyCount "96"]
[EventDate "2010.07.02"]
[EventType "swiss"]
[EventRounds "9"]
[EventCountry "SVK"]
[SourceTitle "EXT 2012"]
[Source "ChessBase"]
[SourceDate "2011.11.24"]
[SourceVersion "1"]
[SourceVersionDate "2011.11.24"]
[SourceQuality "1"]

1. e4 d5 2. exd5 Nf6 3. Nc3 Nxd5 4. Nxd5 Qxd5 5. Nf3 Nc6 6. Be2 e5 7. d3 Bg4 8. Bd2 Bc5 9. Bc3 0-0-0 10. Nh4 Be6 11. Bg4 Kb8 12. Bxe6 Qxe6 13. Qe2 Nd4 14. Bxd4 Bxd4 15. c3 Bb6 16. Nf3 Qd5 17. 0-0 f6 18. Rfd1 g5 19. Qe4 Qd7 20. Ne1 Rhe8 21. Nc2 f5 22. Qf3 g4 23. Qe2 f4 24. g3 Qf5 25. Qe4 Qh5 26. Qg2 Qg5 27. Qf1 f3 28. Qe1 h5 29. Qd2 Qg6 30. Ne3 c5 31. Qc2 h4 32. Kh1 hxg3 33. fxg3 Rh8 34. Nc4 Bc7 35. Ne3 e4 36. dxe4 Rxd1+ 37. Rxd1 Bxg3 38. Nf1 Bf4 39. Qd3 c4 40. Qc2 g3 41. Nxg3 Bxg3 42. Rg1 Qd6 43. Rd1 Qxd1+ 44. Qxd1 Rxh2+ 45. Kg1 f2+ 46. Kf1 Rh1+ 47. Ke2 Rxd1 48. Kxd1 f1Q+ 0-1

[Event "Bratislava Doprastav op"]
[Site "Bratislava"]
[Date "2010.07.02"]
[Round "1"]
[White "Prikler, Bruno"]
[Black "Tomovicsova, Evelina"]
[Result "1-0"]
[WhiteElo "1883"]
[BlackElo "1543"]
[PlyCount "63"]
[EventDate "2010.07.02"]
[EventType "swiss"]
[EventRounds "9"]
[EventCountry "SVK"]
[SourceTitle "EXT 2012"]
[Source "ChessBase"]
[SourceDate "2011.11.24"]
[SourceVersion "1"]
[SourceVersionDate "2011.11.24"]
[SourceQuality "1"]

1. c4 e5 2. Nc3 Nc6 3. d3 Nf6 4. g3 Bb4 5. Bg2 0-0 6. e4 d6 7. Nge2 Nd4 8. 0-0 Bc5 9. h3 c6 10. Kh2 Re8 11. f4 a6 12. Rb1 b5 13. b3 b4 14. Nxd4 Bxd4 15. Ne2 Bb6 16. Bb2 Bb7 17. Qd2 a5 18. Ng1 Bc7 19. Nf3 Nh5 20. Rbe1 exf4 21. gxf4 d5 22. e5 dxc4 23. bxc4 Qd7 24. d4 g6 25. Ng5 Rad8 26. Bf3 Ng7 27. Ne4 Qe6 28. Nf6+ Kh8 29. Nxe8 Rxe8 30. d5 cxd5 31. cxd5 Qd7 32. Rd1 1-0